000 00417nam a2200145Ia 4500
008 220217s9999||||xx |||||||||||||| ||und||
020 _a978-81-312-1118-2
082 _a620.001 ZIE
100 _aZienkiewicz, O.C. Taylor, R.T and Zhu, J.Z
245 0 _aFinite element method
250 _a6th
260 _aElsevier Academic press
_bNew Delhi
_c2008
300 _aXVIII, 645p.
_b495
650 _aMECHANICHAL
999 _c179612
_d179612